Statistics for Countries with the least number of Muslims

Click here to take the quiz!

General Stats

  • This quiz has been taken 242 times
  • The average score is 16 of 30

Answer Stats

PopulationCountry% Correct
0Vatican City
86%
<1,000Tuvalu
72%
<1,000San Marino
71%
<1,000Nauru
70%
<1,000Marshall Islands
69%
<1,000Palau
69%
<1,000Samoa
68%
<1,000Tonga
66%
<1,000Monaco
64%
<1,000Kiribati
63%
<1,000Saint Lucia
59%
<1,000Vanuatu
59%
<1,000Solomon Islands
58%
<1,000Saint Kitts and Nevis
57%
<1,000Antigua and Barbuda
55%
<1,000Iceland
55%
<1,000Bahamas
51%
<1,000Dominica
51%
<1,000Grenada
51%
<1,000Belize
43%
1,036Seychelles
38%
1,000East Timor
37%
<1,000Ecuador
36%
<1,000Uruguay
36%
1,000Paraguay
35%
<1,000Bhutan
34%
<1,000Peru
34%
<1,000Costa Rica
32%
1,000Nicaragua
30%
1,000Laos
27%

Score Distribution

Percentile by Number Answered

Percent of People with Each Score

Your Score History

You have not taken this quiz